The Commercial Relations of England and Portugal : (Record no. 620258)

MARC details
000 -LEADER
fixed length control field 00542nam a2200193 a 4500
008 - FIXED-LENGTH DATA ELEMENTS--GENERAL INFORMATION
fixed length control field 260428s2006##################000#0#eng##
020 ## - INTERNATIONAL STANDARD BOOK NUMBER
ISBN 9780415383011
082 04 - DEWEY DECIMAL CLASSIFICATION NUMBER
Classification number 382.09420469
Item number SHI
100 1# - MAIN ENTRY--AUTHOR NAME
Personal name Shillinton, V. M.,
245 10 - TITLE STATEMENT
Title The Commercial Relations of England and Portugal :
260 ## - PUBLICATION, DISTRIBUTION, ETC. (IMPRINT)
Name of publisher Taylor & Francis US,
Year of publication 2006.
300 ## - PHYSICAL DESCRIPTION
Number of Pages 392 pages
650 #0 - SUBJECT ADDED ENTRY--TOPICAL TERM
Topical Term Business & Economics.
942 ## - ADDED ENTRY ELEMENTS (KOHA)
Koha item type English Books
Holdings
Withdrawn status Lost status Damaged status Not for loan Home library Current library Shelving location Date acquired Full call number Accession Number Price effective from Koha item type
        Anna Centenary Library Anna Centenary Library 4TH FLOOR, B WING 28.04.2026 382.09420469 SHI 147443 28.04.2026 English Books

Find us on the map